| 000 | 00414cam a22001692a 4500 | ||
|---|---|---|---|
| 001 | 022106 | ||
| 003 | AR-FADEU | ||
| 008 | 311216n1949####xxu####################dd | ||
| 092 | _eHD | ||
| 245 | _aLa Constitución de los Estados Unidos de América | ||
| 260 | _aBuenos Aires | ||
| 260 | _bGuillermo Kraft Ltda. | ||
| 260 | _c1949 | ||
| 300 | _a2 t | ||
| 650 | _aDERECHO-HISTORIA Y CRITICA/HD/ | ||
| 942 | _cHD | ||
| 999 |
_c27811 _d27811 |
||